000 01509cam a22004814i 4500
003 PE-LiUPU
005 20250731184519.0
008 150617s r 000 0 d
035 _a(Sirsi) a18587
040 _aPE-LiUPU
_bspa
_cPE-LiUPU
_erda
049 _aPRUA
082 0 4 _a937
_bS21
_221
100 1 _aApiano,
_eautor.
245 1 0 _aHistoria romana III :
_bguerras civiles /
_cApiano ; introducción traducción y notas de Antonio Sancho Royo.
264 1 _aMadrid :
_bGredos,
_c1980.
300 _a374 páginas ;
_c20 cm
336 _atext
_2rdacontent
337 _aunmediated
_2rdamedia
338 _avolume
_2rdacarrier
490 0 _aBiblioteca Clásica Gredos ;
_v84
504 _aIncluye bibliografía.
505 0 _aGuerras civiles.
526 _aP136
526 _aP135
526 _aP134
526 _aP133
526 _aP144
526 _aP143
526 _aP87
526 _aP35
526 _aP20
526 _aP14
526 _aP10
526 _aP06
651 _aRoma
_xHistoria.
_95508
910 _ajck
_bjvq
_cjck
_d20150616
942 _2ddc
_cBOOK
949 _a937 S21
_wDEWEY
_c1
_i28051
_lCCODEBUL1
_mBUL
_p00.00
_r0
_sY
_tBOOK
_u2015-04-22
_xEDUCACION
_zUNKNOWN
_0COMPRA
_o.STAFF. Colección General
994 _aC0
_bPEPRU
596 _a1
999 _a937 S21
_wDEWEY
_c18294
_i28051
_d18294
_f2021-11-8
_g5
_lCCODEBUL1
_mBUL
_q1
_r1
_sY
_tBOOK
_u2015-4-22
_xBIBLIOTECA
_zUNKNOWN
_0COMPRA
_o.STAFF. Colección General
980 _81
_gALBERTO SANCHEZ Responsable de Automatización